000 00440pam a2200169 a 4500
020 _a0801302102
040 _cDLC
082 0 0 _a338 LON 1989 A077 Or.
100 1 _aTodaro, Michael P.
245 1 0 _aEconomic development in the Third World /
250 _a4th ed.
260 _aNew York :
_bLongman,
_cc1989.
300 _axxxvii, 698 p. :
_bill. ;
_c24 cm.
500 _aIncludes index.
650 0 _aEconomic development.
942 _cEK
999 _c15438
_d15438